[Event "European Blitz 2022"]
[Site "Katowice POL"]
[Date "2022.12.16"]
[Round "14.100"]
[White "Greicius, Pijus"]
[Black "Kokol, Peter"]
[Result "0-1"]
[BlackTitle "FM"]
[WhiteElo "2076"]
[BlackElo "2347"]
[WhiteFideId "12819093"]
[BlackFideId "14604523"]
[EventDate "2022.12.16"]

1. d4 Nf6 2. c4 g6 3. Nc3 d5 4. cxd5 Nxd5 5. e4 Nxc3 6. bxc3 Bg7 7. Nf3 c5 8. h3
O-O 9. Be2 Nc6 10. Be3 cxd4 11. cxd4 Qa5+ 12. Bd2 Qa3 13. d5 Bxa1 14. Qxa1 Nb4
15. O-O f6 16. Nd4 Bd7 17. Rb1 a5 18. Rb2 Rfc8 19. Qb1 Rc5 20. Nb3 Rc7 21. Nxa5
Qxa5 22. Bxb4 Qa4 23. Bxe7 Rac8 24. Kh2 Qd4 25. Ba3 Rc1 26. Qd3 Qxf2 27. Rxb7
Qg1+ 28. Kg3 R8c3 29. Rb8+ Kf7 30. Bxc1 Rxd3+ 31. Bxd3 Qxc1 32. Be2 Qc7+ 0-1

[Event "European Blitz 2022"]
[Site "Katowice POL"]
[Date "2022.12.16"]
[Round "15.1"]
[White "Alonso Rosell, Alvar"]
[Black "Adams, Michael"]
[Result "1-0"]
[WhiteTitle "GM"]
[BlackTitle "GM"]
[WhiteElo "2561"]
[BlackElo "2688"]
[WhiteFideId "2270544"]
[BlackFideId "400041"]
[EventDate "2022.12.16"]

1. d4 Nf6 2. c4 e6 3. Nf3 d5 4. g3 Bb4+ 5. Nc3 dxc4 6. Bg2 O-O 7. O-O Nc6 8. a3
Be7 9. e4 a6 10. Be3 Rb8 11. Qc2 b5 12. Rad1 Bb7 13. d5 exd5 14. e5 Ng4 15. Nxd5
Nxe3 16. fxe3 Qe8 17. Qf5 Bd8 18. Kh1 Ne7 19. Nxe7+ Bxe7 20. h4 c5 21. e4 Bc8
22. Qf4 Be6 23. h5 h6 24. g4 f6 25. Qg3 fxe5 26. Nxe5 Rxf1+ 27. Bxf1 Bf6 28. Ng6
Bxb2 29. Rd6 Rd8 30. Rxa6 Bf7 31. Qf3 c3 32. Bd3 c4 33. Bc2 Rd2 34. e5 Rxc2 35.
Ra8 Bxg6 36. hxg6 Rc1+ 37. Kg2 1-0

[Event "European Blitz 2022"]
[Site "Katowice POL"]
[Date "2022.12.16"]
[Round "15.2"]
[White "Hovhannisyan, Robert"]
[Black "Navara, David"]
[Result "1-0"]
[WhiteTitle "GM"]
[BlackTitle "GM"]
[WhiteElo "2597"]
[BlackElo "2684"]
[WhiteFideId "13302507"]
[BlackFideId "309095"]
[EventDate "2022.12.16"]

1. e4 c6 2. d4 d5 3. exd5 cxd5 4. c4 Nf6 5. Nc3 Nc6 6. Nf3 Be6 7. c5 g6 8. h3
Bg7 9. Bb5 O-O 10. O-O Ne4 11. Re1 Rc8 12. Bf4 Qa5 13. Bxc6 Nxc3 14. bxc3 Rxc6
15. Qd2 b6 16. Ne5 Bxe5 17. Bxe5 f6 18. Bg3 bxc5 19. Re3 cxd4 20. Qxd4 Qb6 21.
Qd2 Re8 22. Rae1 Kf7 23. R3e2 g5 24. h4 h6 25. Qd3 Kg7 26. h5 Bf7 27. Rxe7 Rxe7
28. Rxe7 Kg8 29. Rxf7 Kxf7 30. Qh7+ Ke6 31. Qg8+ Ke7 32. Qg7+ Kd8 33. Qxh6 Qb1+
34. Kh2 Qf5 35. Qf8+ Kd7 36. Qf7+ Kd8 37. h6 Qd7 38. Qg8+ Ke7 39. h7 Rc8 40.
h8=Q Rxg8 41. Qxg8 Qf5 42. Qg7+ Ke6 43. Qh8 Qc2 44. Qg8+ Ke7 45. Qg7+ Ke6 46.
Qxa7 Qxc3 47. Qb6+ Kf7 48. Qc7+ 1-0

[Event "European Blitz 2022"]
[Site "Katowice POL"]
[Date "2022.12.16"]
[Round "15.3"]
[White "Sargsyan, Shant"]
[Black "Kazakouski, Valery"]
[Result "1-0"]
[WhiteTitle "GM"]
[BlackTitle "GM"]
[WhiteElo "2645"]
[BlackElo "2539"]
[WhiteFideId "13306766"]
[BlackFideId "13507443"]
[EventDate "2022.12.16"]

1. d4 Nf6 2. Nf3 e6 3. c4 d5 4. Nc3 a6 5. cxd5 exd5 6. Qb3 Be7 7. Bf4 O-O 8. e3
c6 9. h3 Bd6 10. Bxd6 Qxd6 11. Bd3 Re8 12. O-O Nbd7 13. Rad1 a5 14. Rfe1 Qb4 15.
Qc2 Nf8 16. Na4 Be6 17. Nc5 N8d7 18. a3 Qb6 19. b4 axb4 20. axb4 h6 21. Rb1 Qc7
22. b5 cxb5 23. Nxd7 Qxd7 24. Bxb5 Rec8 25. Qb2 Qe7 26. Bd3 Rc7 27. Rec1 Rxc1+
28. Rxc1 Qa3 29. Qb1 Rb8 30. Ne5 Nd7 31. Nxd7 Bxd7 32. Rc7 Be6 33. Bh7+ Kh8 34.
Bf5 Qd6 35. Rc5 b6 36. Rb5 Qc6 37. Bxe6 fxe6 38. g3 Kg8 39. Kg2 Rb7 40. h4 Rb8
41. h5 Rb7 42. Qb3 Rb8 43. Qb4 Rb7 44. Qa4 Rb8 45. Qa6 Kh8 46. Rc5 Qd6 47. Rc2
Qe7 48. Rb2 Qc7 49. Qb5 Qf7 50. Qc6 Qf5 51. Rxb6 Rxb6 52. Qxb6 Qe4+ 53. Kg1 Qf5
54. Qb8+ Kh7 55. Qe5 Qf7 56. Kg2 Kg8 57. g4 Kh7 58. Kg3 Kg8 59. f4 Qd7 60. f5
exf5 61. gxf5 Kh7 62. Qe6 Qd8 63. Qg6+ Kh8 64. Kf3 Qh4 65. Qe8+ Kh7 66. Qg6+ Kh8
67. Qg4 Qh1+ 68. Kf2 Qh2+ 69. Qg2 Qh4+ 70. Kf1 Qxh5 71. Qxd5 Qd1+ 72. Kf2 Qd2+
73. Kf3 Qd1+ 74. Kf4 Kh7 75. Qg2 Qb3 76. Qg6+ Kh8 77. f6 Qb8+ 78. Kf3 Qb7+ 79.
e4 Qb3+ 80. Kf4 1-0

[Event "European Blitz 2022"]
[Site "Katowice POL"]
[Date "2022.12.16"]
[Round "15.4"]
[White "Yuffa, Daniil"]
[Black "Laurusas, Tomas"]
[Result "0-1"]
[WhiteTitle "GM"]
[BlackTitle "GM"]
[WhiteElo "2587"]
[BlackElo "2567"]
[WhiteFideId "24131423"]
[BlackFideId "12803731"]
[EventDate "2022.12.16"]

1. d4 d5 2. c4 c6 3. Nf3 Nf6 4. g3 Bf5 5. Bg2 e6 6. O-O Be7 7. Nh4 Be4 8. f3
Bxb1 9. Rxb1 O-O 10. f4 c5 11. e3 Nc6 12. cxd5 Nxd5 13. Nf3 Qb6 14. e4 Nf6 15.
d5 Rad8 16. Ne5 exd5 17. exd5 Nxe5 18. fxe5 Nxd5 19. Qh5 c4+ 20. Kh1 g6 21. Qf3
Kg7 22. Bd2 Qe6 23. Rbd1 Rd7 24. a3 b5 25. g4 h6 26. Bc1 Rfd8 27. Rde1 Bg5 28.
Bxg5 hxg5 29. Qg3 Rh8 30. Bxd5 Qxd5+ 31. Kg1 Qd4+ 32. Rf2 Re7 33. Qf3 Rhe8 34.
Qf6+ Kg8 35. Re2 Qxg4+ 36. Rg2 Qd4+ 37. Rgf2 g4 38. Kg2 Qd5+ 39. Kg3 Qd3+ 40.
Kg2 Qd4 41. Rf4 Qd5+ 42. Kg3 Rxe5 43. Rxe5 Rxe5 44. Rxg4 Re3+ 45. Kf4 Rf3# 0-1

[Event "European Blitz 2022"]
[Site "Katowice POL"]
[Date "2022.12.16"]
[Round "15.5"]
[White "Pultinevicius, Paulius"]
[Black "Ziska, Helgi Dam"]
[Result "0-1"]
[WhiteTitle "GM"]
[BlackTitle "GM"]
[WhiteElo "2561"]
[BlackElo "2546"]
[WhiteFideId "12809390"]
[BlackFideId "7200595"]
[EventDate "2022.12.16"]

1. d4 Nf6 2. Bf4 g6 3. c3 Bg7 4. Nd2 d6 5. e4 O-O 6. Ngf3 Nc6 7. h3 Qe8 8. Be2
e5 9. dxe5 dxe5 10. Be3 Qe7 11. O-O Nd7 12. b4 a5 13. a3 Rd8 14. Qb3 Nb6 15. Bc5
Qe8 16. Qc2 Bh6 17. Rfd1 Nd7 18. Be3 Bxe3 19. fxe3 Nb6 20. Nc4 Rxd1+ 21. Rxd1
Nxc4 22. Bxc4 Be6 23. Bd5 f6 24. Nh2 Kg7 25. Rf1 h5 26. Rd1 Nd8 27. Qb3 c6 28.
Bxe6 Nxe6 29. Nf3 a4 30. Qc4 Qe7 31. Rd2 Nc7 32. Qd3 Re8 33. c4 Ne6 34. c5 Nc7
35. Qc2 Ra8 36. Rd3 Nb5 37. Nd2 Rd8 38. Nc4 Rxd3 39. Qxd3 Qe6 40. Kf2 h4 41. Ke2
Kh6 42. Kd2 Kg5 43. Kc1 Kh6 44. Kb2 Kg5 45. Nb6 f5 46. Nxa4 f4 47. Nb6 fxe3 48.
Qxe3+ Kh5 49. Qe2+ Kh6 50. Qd2+ Kh5 51. Qd7 Qf6 52. Nc4 Nd4 53. Qg4+ Kh6 54. Qd1
Qf4 55. Qd2 Kg5 56. Kc3 Qxd2+ 57. Kxd2 Kf4 58. a4 g5 59. Nd6 g4 60. a5 Kg3 61.
hxg4 Kxg2 62. g5 h3 63. g6 Ne6 64. Nxb7 h2 65. a6 h1=Q 66. a7 Qa1 67. Na5 Qd4+
68. Kc2 Qxe4+ 69. Kc1 Qe1+ 70. Kc2 Nd4+ 71. Kd3 Qe2+ 0-1

[Event "European Blitz 2022"]
[Site "Katowice POL"]
[Date "2022.12.16"]
[Round "15.6"]
[White "Donchenko, Alexander"]
[Black "Sahidi, Samir"]
[Result "0-1"]
[WhiteTitle "GM"]
[BlackTitle "IM"]
[WhiteElo "2636"]
[BlackElo "2494"]
[WhiteFideId "24603295"]
[BlackFideId "14936372"]
[EventDate "2022.12.16"]

1. Nf3 Nf6 2. c4 e6 3. g3 d5 4. Bg2 c5 5. cxd5 exd5 6. d4 Nc6 7. O-O h6 8. Nc3
Be7 9. dxc5 Bxc5 10. Na4 Bd6 11. b3 O-O 12. Bb2 Bg4 13. Rc1 Re8 14. Nc5 Qb6 15.
Na4 Qd8 16. Nc5 Qb6 17. Bxf6 Bxc5 18. Bb2 Rad8 19. Qc2 Bf8 20. e3 Bh5 21. Nd4
Bg6 22. Qd2 Ne5 23. Bc3 Qa6 24. Rfd1 Be4 25. f3 Bg6 26. Bf1 Qf6 27. Bg2 Qe7 28.
Qe2 Nd7 29. Ba5 Rc8 30. Kf2 b6 31. Bc3 Nc5 32. Bb2 Qd7 33. b4 Ne6 34. a3 a5 35.
bxa5 bxa5 36. Nxe6 Qxe6 37. a4 Bc5 38. Rc3 d4 39. Rc4 0-1

[Event "European Blitz 2022"]
[Site "Katowice POL"]
[Date "2022.12.16"]
[Round "15.7"]
[White "Keinanen, Toivo"]
[Black "Moroni, Luca Jr"]
[Result "0-1"]
[WhiteTitle "IM"]
[BlackTitle "GM"]
[WhiteElo "2508"]
[BlackElo "2576"]
[WhiteFideId "509825"]
[BlackFideId "865834"]
[EventDate "2022.12.16"]

1. d4 d6 2. Nf3 g6 3. e4 Bg7 4. Nbd2 Nf6 5. Bb5+ c6 6. Bd3 O-O 7. O-O Nbd7 8. c3
e5 9. Re1 Qe7 10. a4 Nh5 11. Nc4 h6 12. a5 Rd8 13. Bf1 Kh7 14. b3 Nf8 15. Ba3
Qc7 16. dxe5 dxe5 17. Bd6 Qd7 18. Bxe5 Qe8 19. Qc1 Bg4 20. Bxg7 Kxg7 21. Nfe5
Be6 22. Qe3 Qe7 23. Rad1 Rxd1 24. Rxd1 Nf6 25. f4 Kh7 26. Qd4 N6d7 27. f5 gxf5
28. exf5 Bxf5 29. Bd3 Nxe5 30. Bxf5+ Neg6 31. b4 Qg5 32. Qf2 Kg8 33. h3 Nf4 34.
Rf1 Qxf5 35. Qxf4 Qxf4 36. Rxf4 Ne6 37. Rg4+ Kf8 38. Rh4 Kg7 39. Nd6 b6 40. Rg4+
Kf6 41. Rh4 Kg6 42. Rg4+ Kf6 43. Rh4 bxa5 44. Rxh6+ Kg7 45. Nf5+ Kg8 46. bxa5
Rb8 47. Rh4 c5 48. Rc4 Rb5 49. Ra4 Rb1+ 50. Kh2 Rc1 51. c4 Rc3 52. a6 Rb3 53.
Nd6 Nd4 54. Nc8 Nc6 55. Ra1 Rb8 56. Nd6 Kf8 57. Nb5 Rb6 58. h4 Kg7 59. Kg3 Rb8
60. Kf4 Rd8 61. Ke3 Re8+ 62. Kd2 Re4 63. Kc3 Re3+ 64. Kd2 Re4 65. Kc3 Rxh4 66.
Rd1 Rg4 67. Rd6 Rg3+ 68. Kd2 Ne5 69. Rd7 Nxd7 0-1

[Event "European Blitz 2022"]
[Site "Katowice POL"]
[Date "2022.12.16"]
[Round "15.8"]
[White "Piorun, Kacper"]
[Black "Wieczorek, Oskar"]
[Result "1-0"]
[WhiteTitle "GM"]
[BlackTitle "GM"]
[WhiteElo "2611"]
[BlackElo "2504"]
[WhiteFideId "1130420"]
[BlackFideId "1133950"]
[EventDate "2022.12.16"]

1. d4 Nf6 2. Bg5 g6 3. Bxf6 exf6 4. e3 d5 5. c4 dxc4 6. Bxc4 Bd6 7. Nf3 O-O 8.
O-O f5 9. Nc3 c6 10. a3 Nd7 11. b4 Qe7 12. Re1 Nf6 13. d5 c5 14. bxc5 Bxc5 15.
Qb3 a6 16. a4 Bd6 17. a5 Ng4 18. Bf1 Nf6 19. Na4 Ne4 20. Nb6 Rb8 21. Red1 Bd7
22. Rac1 h5 23. Nc4 Rfc8 24. Nxd6 Qxd6 25. Rxc8+ Bxc8 26. Qb2 Bd7 27. Ne5 Qf6
28. Qd4 Be8 29. d6 Bc6 30. d7 Rd8 31. Bc4 Kg7 32. Nxc6 bxc6 33. Bxa6 Nc3 34. Rd2
c5 35. Qxf6+ Kxf6 36. Bc8 Nb5 37. Rd5 Na7 1-0

[Event "European Blitz 2022"]
[Site "Katowice POL"]
[Date "2022.12.16"]
[Round "15.9"]
[White "Kosteniuk, Alexandra"]
[Black "Svane, Rasmus"]
[Result "1-0"]
[WhiteTitle "GM"]
[BlackTitle "GM"]
[WhiteElo "2520"]
[BlackElo "2622"]
[WhiteFideId "4128125"]
[BlackFideId "4657101"]
[EventDate "2022.12.16"]

1. e4 c6 2. Nf3 d5 3. Nc3 dxe4 4. Nxe4 Nf6 5. Qe2 Nxe4 6. Qxe4 Qa5 7. b4 Qd5 8.
Qe3 Bf5 9. c4 Qe4 10. d3 Qxe3+ 11. Bxe3 e6 12. Rb1 Be7 13. Be2 O-O 14. O-O Rd8
15. Rfd1 Nd7 16. h3 h6 17. Rb2 Bf6 18. d4 Nb6 19. Rbd2 Na4 20. Rc1 a5 21. bxa5
Rxa5 22. c5 Be4 23. Ne1 Raa8 24. f3 Bd5 25. Nd3 Ra7 26. Kf2 Rda8 27. Nb4 Bd8 28.
Nxd5 exd5 29. Bd3 Ba5 30. Rdc2 Bd8 31. Rb1 Be7 32. Rb3 Kf8 33. Re2 Bg5 34. f4
Bh4+ 35. g3 Bd8 36. Bd2 Ba5 37. Bxa5 Rxa5 38. Rxb7 R5a7 39. Rb3 g6 40. g4 Kg7
41. h4 Kf6 42. g5+ hxg5 43. hxg5+ Kg7 44. f5 gxf5 45. Bxf5 Rh8 46. Kg3 Rh1 47.
Rh2 Rg1+ 48. Kf4 Rf1+ 49. Kg4 Rg1+ 50. Kf4 Rf1+ 51. Ke5 Re7+ 52. Kd6 Re8 53. Bd7
Re4 54. Rbh3 Rxd4 55. Bxc6 Nc3 56. Rxc3 Rg4 57. Rd3 Rxg5 58. Bxd5 Rc1 59. c6
Rg6+ 60. Kd7 Rc5 61. c7 1-0

[Event "European Blitz 2022"]
[Site "Katowice POL"]
[Date "2022.12.16"]
[Round "15.10"]
[White "Szpar, Milosz"]
[Black "Deac, Bogdan-Daniel"]
[Result "1-0"]
[WhiteTitle "IM"]
[BlackTitle "GM"]
[WhiteElo "2428"]
[BlackElo "2700"]
[WhiteFideId "1184989"]
[BlackFideId "1226380"]
[EventDate "2022.12.16"]

1. e4 g6 2. d4 Bg7 3. Nf3 c6 4. Bd3 d5 5. e5 Bg4 6. Nbd2 Nd7 7. h3 Bxf3 8. Nxf3
e6 9. O-O Ne7 10. b4 a5 11. c3 axb4 12. cxb4 b5 13. a4 bxa4 14. Rxa4 O-O 15. Bg5
Re8 16. Qa1 Rb8 17. Rc1 h6 18. Bd2 Bf8 19. Rc2 Nb6 20. Ra6 Nbc8 21. g4 Nb6 22.
Qc1 Kh7 23. b5 Nc4 24. bxc6 Rc8 25. Bxc4 dxc4 26. Rxc4 Qd5 27. Kg2 g5 28. Qc2+
Ng6 29. Ra5 Qd8 30. c7 Qd7 31. Kg3 Be7 32. Be3 Rf8 33. Nd2 Kg8 34. Ne4 Rfe8 35.
Qa4 Qxa4 36. Raxa4 Kg7 37. Nd6 Bxd6 38. exd6 Nf8 39. Rab4 Nd7 40. Rb5 Kg6 41. h4
f6 42. h5+ Kf7 43. f4 Ra8 44. Rb3 Rec8 45. Rcb4 Ke8 46. f5 exf5 47. gxf5 Kf7 48.
Kf3 Re8 49. Bf2 Rac8 50. Re3 Rxe3+ 51. Bxe3 Ke8 52. Ke4 Nf8 53. Kd5 Kd7 54. Rb8
Nh7 55. Kc5 g4 56. Kb6 1-0

[Event "European Blitz 2022"]
[Site "Katowice POL"]
[Date "2022.12.16"]
[Round "15.11"]
[White "Grandelius, Nils"]
[Black "Alexakis, Dimitris"]
[Result "1-0"]
[WhiteTitle "GM"]
[BlackTitle "IM"]
[WhiteElo "2660"]
[BlackElo "2486"]
[WhiteFideId "1710400"]
[BlackFideId "4277023"]
[EventDate "2022.12.16"]

1. Nf3 Nf6 2. g3 d5 3. Bg2 c6 4. O-O Bg4 5. h3 Bh5 6. c4 e6 7. d4 Nbd7 8. cxd5
exd5 9. Ne5 Bg6 10. Nc3 Bd6 11. f4 Be4 12. Nxe4 Nxe4 13. Bxe4 dxe4 14. Qb3 Bxe5
15. fxe5 O-O 16. Qxb7 Nb6 17. e3 Qd5 18. b3 Rfb8 19. Qe7 Re8 20. Qd6 Rad8 21.
Qxd5 Nxd5 22. Bd2 c5 23. dxc5 Rxe5 24. Rad1 Rc8 25. b4 a6 26. Rc1 Nc7 27. Bc3
Rd5 28. Rfd1 Rcd8 29. Rxd5 Rxd5 30. Bd4 f6 31. a4 Kf7 32. Rf1 Ke6 33. Rf4 f5 34.
Rh4 h6 35. Bxg7 Rd1+ 36. Kf2 Nd5 37. b5 axb5 38. axb5 Rd2+ 39. Ke1 Rd3 40. Rxh6+
Kf7 41. Bd4 Nxe3 42. Bxe3 Rxe3+ 43. Kf2 Rf3+ 44. Ke2 Rxg3 45. b6 Kg7 46. b7 1-0

[Event "European Blitz 2022"]
[Site "Katowice POL"]
[Date "2022.12.16"]
[Round "15.12"]
[White "Sebenik, Matej"]
[Black "Santos Latasa, Jaime"]
[Result "1-0"]
[WhiteTitle "GM"]
[BlackTitle "GM"]
[WhiteElo "2538"]
[BlackElo "2668"]
[WhiteFideId "14602296"]
[BlackFideId "2293307"]
[EventDate "2022.12.16"]

1. Nf3 Nf6 2. c4 c5 3. Nc3 Nc6 4. e3 e6 5. d4 d5 6. cxd5 exd5 7. Bb5 cxd4 8.
Nxd4 Bd7 9. O-O Bd6 10. Nf3 Bg4 11. Be2 O-O 12. h3 Be6 13. b3 a6 14. Bb2 Re8 15.
Rc1 Rc8 16. Na4 Ne4 17. Nc3 Nf6 18. Re1 Bb8 19. Bf1 Qe7 20. Ne2 Ne4 21. Ned4 Bd7
22. Nxc6 Bxc6 23. Nd4 Qh4 24. Rc2 Bd7 25. Nf3 Qh5 26. Rxc8 Rxc8 27. Qd4 Qg6 28.
Ne5 Bxe5 29. Qxe5 Bxh3 30. Qxd5 b5 31. Qe5 Be6 32. Bd3 Bf5 1-0

[Event "European Blitz 2022"]
[Site "Katowice POL"]
[Date "2022.12.16"]
[Round "15.13"]
[White "Gaehwiler, Gabriel"]
[Black "Saraci, Nderim"]
[Result "0-1"]
[WhiteTitle "IM"]
[BlackTitle "IM"]
[WhiteElo "2408"]
[BlackElo "2468"]
[WhiteFideId "1314530"]
[BlackFideId "6351921"]
[EventDate "2022.12.16"]

1. d4 Nf6 2. Nf3 e6 3. g3 b5 4. Bg2 Bb7 5. O-O c5 6. c3 Be7 7. Bg5 cxd4 8. Nxd4
Bxg2 9. Kxg2 Qb6 10. Qd3 a6 11. a4 b4 12. Nd2 d5 13. Bxf6 Bxf6 14. e4 dxe4 15.
Nxe4 Nd7 16. Nf3 bxc3 17. bxc3 Qc6 18. Rfd1 Ne5 19. Nxe5 Bxe5 20. Qf3 Rc8 21. h4
O-O 22. a5 f5 23. Ng5 Qxf3+ 24. Kxf3 Bxc3 25. Rab1 e5 26. Rb6 h6 27. Ne6 Rf6 28.
Rxa6 e4+ 29. Kg2 Re8 30. Rdd6 Kf7 31. Nc5 Rxd6 32. Rxd6 Re5 33. Rc6 Bxa5 34. Nd7
Rd5 35. Nc5 Rd2 36. Kf1 Ke7 37. Re6+ Kf7 38. Rc6 Rc2 39. h5 Kg8 40. Rc8+ Kh7 41.
g4 fxg4 42. Kg2 Bb4 43. Re8 Bxc5 44. Rxe4 Rxf2+ 45. Kg3 Rf5 46. Kxg4 Rg5+ 47.
Kh4 Bf2+ 48. Kh3 Rxh5+ 0-1

[Event "European Blitz 2022"]
[Site "Katowice POL"]
[Date "2022.12.16"]
[Round "15.14"]
[White "Klekowski, Maciej"]
[Black "Stefansson, Hannes"]
[Result "1-0"]
[WhiteTitle "GM"]
[BlackTitle "GM"]
[WhiteElo "2477"]
[BlackElo "2526"]
[WhiteFideId "1132717"]
[BlackFideId "2300087"]
[EventDate "2022.12.16"]

1. c4 e5 2. Nc3 Nf6 3. g3 Bb4 4. Bg2 O-O 5. e4 Bxc3 6. dxc3 d6 7. Qe2 a6 8. Nf3
b5 9. O-O bxc4 10. Nd2 Bg4 11. Qxc4 Nbd7 12. h3 Be6 13. Qe2 d5 14. Rd1 Qc8 15.
b3 Re8 16. Ba3 c6 17. Rac1 Nf8 18. Kh2 Ng6 19. c4 d4 20. c5 h5 21. Nc4 Bxc4 22.
Rxc4 h4 23. Bc1 Qe6 24. Ra4 Nd7 25. Ba3 a5 26. Qd2 Qf6 27. Rf1 Qd8 28. Rc4 Ngf8
29. Qd3 Ne6 30. Rfc1 Qg5 31. R1c2 Qg6 32. Bc1 Reb8 33. Bf3 Rb4 34. Ba3 Rb5 35.
Bg4 Qf6 36. Kg2 g6 37. Qf3 Qe7 38. Rc1 Nf6 39. Bxe6 Qxe6 40. g4 Nd7 41. Qd3 Qe7
42. R1c2 Nf8 43. Bc1 Ne6 44. a4 Rb7 45. Kf1 Rab8 46. b4 Rxb4 47. Rxb4 Rxb4 48.
Qa6 Qc7 49. Bd2 Rxa4 50. Qa8+ Kg7 51. Rb2 Nxc5 52. Rb8 Kf6 53. Re8 Ne6 54. g5+
Nxg5 55. Rc8 Qd7 56. Bxg5+ Kxg5 57. Rxc6 d3 58. Kg2 d2 59. Qh8 Qd4 60. Qf6+ Kh5
61. Qh8+ Kg5 62. Qf6+ Kh5 63. Qh8+ Kg5 64. f4+ Kxf4 65. Qf6+ 1-0

[Event "European Blitz 2022"]
[Site "Katowice POL"]
[Date "2022.12.16"]
[Round "15.15"]
[White "Abdrlauf, Elham"]
[Black "Schneider, Ilja"]
[Result "0-1"]
[WhiteTitle "IM"]
[BlackTitle "IM"]
[WhiteElo "2518"]
[BlackElo "2483"]
[WhiteFideId "1533533"]
[BlackFideId "4663306"]
[EventDate "2022.12.16"]

1. e4 Nc6 2. d4 d5 3. e5 f6 4. Nf3 Bg4 5. Bb5 fxe5 6. dxe5 e6 7. c4 Bb4+ 8. Nc3
Ne7 9. cxd5 Qxd5 10. Qxd5 Nxd5 11. Nd4 Nxc3 12. Nxc6 bxc6 13. Bxc6+ Kf7 14. a3
Rad8 15. Bd2 Nb1 16. axb4 Nxd2 17. f3 Bf5 18. Rxa7 h5 19. Rxc7+ Kg6 20. b5 Nc4
21. O-O Nxe5 22. Re1 Nxc6 23. bxc6 Rb8 24. Re2 Rhc8 25. Rxc8 Rxc8 26. g4 hxg4
27. fxg4 Bxg4 28. Rc2 Bf3 29. c7 Be4 30. Rc5 Kf6 31. b4 Ke7 32. b5 Kd6 33. Rc4
Bd5 34. b6 Bxc4 0-1

[Event "European Blitz 2022"]
[Site "Katowice POL"]
[Date "2022.12.16"]
[Round "15.16"]
[White "Nasuta, Grzegorz"]
[Black "Bartel, Mateusz"]
[Result "0-1"]
[WhiteTitle "GM"]
[BlackTitle "GM"]
[WhiteElo "2546"]
[BlackElo "2627"]
[WhiteFideId "1141686"]
[BlackFideId "1112635"]
[EventDate "2022.12.16"]

1. e4 e5 2. Nf3 Nc6 3. Bc4 Nf6 4. d3 Bc5 5. O-O d6 6. c3 a5 7. Re1 h6 8. Nbd2
O-O 9. h3 a4 10. Bb5 a3 11. b4 Ba7 12. Nf1 Ne7 13. Ng3 c6 14. Ba4 b5 15. Bc2 Ng6
16. d4 Qc7 17. Be3 Be6 18. Qd2 Kh7 19. Nf5 Bxf5 20. exf5 Ne7 21. dxe5 dxe5 22.
Bxa7 Rxa7 23. Nxe5 Ned5 24. Bb3 Re8 25. Qd4 Raa8 26. Nf3 Nf4 27. Qd2 Rad8 28.
Nd4 Kg8 29. Kh1 Ne4 30. Qc2 Nf6 31. Kg1 c5 32. Nxb5 Qc6 33. Rxe8+ Rxe8 34. Ba4
Qxg2# 0-1

[Event "European Blitz 2022"]
[Site "Katowice POL"]
[Date "2022.12.16"]
[Round "15.17"]
[White "Kosakowski, Jakub"]
[Black "Kozak, Antoni"]
[Result "0-1"]
[WhiteTitle "IM"]
[WhiteElo "2475"]
[BlackElo "2422"]
[WhiteFideId "1185080"]
[BlackFideId "21832030"]
[EventDate "2022.12.16"]

1. e4 c5 2. Nf3 d6 3. d4 cxd4 4. Nxd4 Nf6 5. Nc3 a6 6. Be2 e5 7. Nb3 Be7 8. O-O
O-O 9. Be3 Be6 10. Re1 Nbd7 11. a4 Rc8 12. a5 Nc5 13. Nxc5 dxc5 14. Qxd8 Rfxd8
15. f3 c4 16. Bb6 Rd2 17. Rec1 Nd7 18. Be3 Bc5 19. Kf2 Kf8 20. Na4 Bxe3+ 21.
Kxe3 Rd6 22. Rd1 Ke7 23. g3 f6 24. Rxd6 Kxd6 25. Kd2 Rc7 26. Kc3 Ke7 27. Kb4 Nb8
28. Nb6 Nc6+ 29. Kc3 Nd4 30. Bd1 Nb5+ 31. Kb4 c3 32. b3 Nd4 33. Nc4 Nb5 34. Be2
Nd4 35. Bd3 Nxf3 36. Kxc3 Nd4 37. Kd2 Rd7 38. Nb6 Rc7 39. b4 h5 40. Rb1 Nf3+ 41.
Ke3 Nxh2 42. c4 Ng4+ 43. Kd2 Nf2 44. Nd5+ Bxd5 45. exd5 Nxd3 46. Kxd3 Kd6 47.
Rf1 Rf7 48. Ke4 g6 49. c5+ Kd7 50. b5 axb5 51. Rb1 Re7 52. d6 Re8 53. Rxb5 Kc6
54. Rb6+ Kxc5 55. d7 f5+ 56. Kd3 Rd8 57. Rxb7 g5 58. a6 Kc6 59. Ke3 f4+ 60. gxf4
exf4+ 61. Kf3 Rf8 62. Rb3 g4+ 63. Ke4 Kxd7 64. a7 Ra8 65. Kxf4 Rxa7 66. Rb5 Ra4+
67. Kg5 Kc6 68. Rf5 g3 69. Rf1 h4 70. Rc1+ Kd5 71. Rg1 Ke5 72. Kh5 Kf5 73. Rf1+
Rf4 74. Ra1 g2 75. Ra5+ Ke6 76. Ra6+ Kf7 77. Ra7+ Kg8 78. Ra8+ Kg7 79. Ra7+ Rf7
80. Ra2 g1=Q 0-1

[Event "European Blitz 2022"]
[Site "Katowice POL"]
[Date "2022.12.16"]
[Round "15.18"]
[White "Paehtz, Thomas"]
[Black "Lagarde, Maxime"]
[Result "0-1"]
[WhiteTitle "GM"]
[BlackTitle "GM"]
[WhiteElo "2339"]
[BlackElo "2584"]
[WhiteFideId "4611349"]
[BlackFideId "662399"]
[EventDate "2022.12.16"]

1. e4 c5 2. Nf3 d6 3. d4 cxd4 4. Nxd4 Nf6 5. Nc3 g6 6. Be3 Bg7 7. f3 O-O 8. Qd2
Nc6 9. g4 Be6 10. h4 Ne5 11. h5 Qc8 12. O-O-O b5 13. hxg6 fxg6 14. g5 Nh5 15.
Nd5 Bxd5 16. exd5 Nxf3 17. Nxf3 Rxf3 18. Be2 Rh3 19. Bxh5 Rxh5 20. Bd4 Rxh1 21.
Rxh1 Bxd4 22. Qxd4 Qf5 23. Kb1 Qxg5 24. Qe4 Qf6 25. Qe2 b4 26. Qc4 a5 27. Rf1
Qe5 28. Rd1 Rf8 29. Qb5 h5 30. Qxa5 Qe2 31. Rc1 Qd2 32. Qc7 Rf7 33. Qc8+ Kg7 34.
Qe6 Qg5 35. Re1 Qf6 36. Qe4 Qf5 37. Qe2 Qxd5 38. a3 bxa3 39. b3 Qd4 40. c4 Qf6
41. Ka2 Qb2+ 42. Qxb2+ axb2 43. Kxb2 h4 0-1

[Event "European Blitz 2022"]
[Site "Katowice POL"]
[Date "2022.12.16"]
[Round "15.19"]
[White "Oleksiyenko, Mykhaylo"]
[Black "Costachi, Mihnea"]
[Result "1-0"]
[WhiteTitle "GM"]
[BlackTitle "IM"]
[WhiteElo "2594"]
[BlackElo "2476"]
[WhiteFideId "4152417"]
[BlackFideId "1217518"]
[EventDate "2022.12.16"]

1. e4 e5 2. Nf3 Nc6 3. Bb5 a6 4. Bxc6 dxc6 5. O-O Bg4 6. h3 h5 7. d3 Qf6 8. Nbd2
g5 9. d4 Bxf3 10. Nxf3 g4 11. Nxe5 gxh3 12. gxh3 O-O-O 13. Qf3 Rxd4 14. Qxf6
Nxf6 15. f3 Rg8+ 16. Kh1 Nd7 17. Be3 Rd6 18. Nxf7 Rf6 19. Ng5 Bc5 20. Bxc5 Nxc5
21. f4 Re8 22. Rae1 Na4 23. b3 Nc3 24. Re3 Nd5 25. Ref3 Ne7 26. f5 c5 27. e5
Rff8 28. e6 Nc6 29. f6 Nd4 30. e7 Rg8 31. f7 1-0